| 000 | 00645cam a2200229 4500 | ||
|---|---|---|---|
| 008 | 090401t1987 xxu||||| |||| 00| 0 eng d | ||
| 020 | _a0946700389 | ||
| 035 | _a(Sirsi) u35472 | ||
| 041 | _aeng | ||
| 050 | _a346.4104342 | ||
| 100 | _aWaterson, G. | ||
| 245 | _aResidential tenancies and the Rent Acts | ||
| 260 |
_aLondon _bHenry Stewart Publications _c1987 |
||
| 300 | _a48p. ; 22cm. | ||
| 350 | _a0 | ||
| 490 |
_aHenry Stewart Briefings for Surveyors _v15 |
||
| 520 | _aPublished jointly with Portsmouth Polytechnic Department of Surveying . | ||
| 650 | _aRENT ACT 1977 | ||
| 650 | _aRENT | ||
| 942 | _n0 | ||
| 948 | _c04/03/1997 | ||
| 999 |
_c90118 _d90118 |
||